Lexikon fremdschprachiger Schriftsteller von den Anfängen bis zur Gegenwart

Salvato in:
Dettagli Bibliografici
Natura: Libro
Lingua:tedesco
Pubblicazione: Leipzig Bibliographisches Institut 1980
Tags: Aggiungi Tag
Nessun Tag, puoi essere il primo ad aggiungerne!!

MARC

LEADER 00000nam a2200000 4500
001 c141262
005 20260116075830.6
041 0 |a ger 
044 |a DE 
245 1 0 |a Lexikon fremdschprachiger Schriftsteller von den Anfängen bis zur Gegenwart 
264 1 |a Leipzig  |b Bibliographisches Institut  |c 1980 
300 |a 597 s.